Ako sa zabezpečujú zámery štátneho rozpočtu Úsilie národných výborov

Bibliographic Details
Main Author: Pichoňský, Ján (Author)
Format: Article
Language:Slovak
Subjects:

MARC

LEADER 00000nab a2200000 a 4500
001 vtls000000724
003 SK-MaSNL
005 20260303021453.0
008 111103c1978 xo 0 slo
015 |a SNBRB19rr/mm-uuuuu 
035 |a CL0010816 
040 |a SNKBUCL  |b slo  |c SNKBUCL  |e AACR2 
041 0 |a slo 
044 |a xo  |c SK 
080 |a 353  |2 1981 
080 |a 352  |2 1981 
080 |a 336.1  |2 1981 
100 1 |a Pichoňský, Ján  |4 aut  |9 1002466 
245 1 0 |a Ako sa zabezpečujú zámery štátneho rozpočtu  |b Úsilie národných výborov  |c Ján Pichoňský 
650 0 7 |a národné výbory  |2 snkbucl  |9 59059 
650 0 7 |a štátny rozpočet  |2 snkbucl  |9 2364 
655 7 |a články z novín a časopisov  |2 snkbucl  |9 267496 
773 0 |t Národné výbory  |g Č. 13 (1978), s. 2-3 
850 |a Slovenská národná knižnica v Martine  |a MTA001 
852 |a SNK  |b KIS3GCP 
958 |a RK 
992 |a RBX 
999 |c 1623421  |d 1625351